| 000 | 01047 a2200181 4500 | ||
|---|---|---|---|
| 003 | Nust | ||
| 005 | 20170207153600.0 | ||
| 020 | _a9788120342910 | ||
| 040 | _cNust | ||
| 082 | _a621.3824 | ||
| 100 | _aYadan,R.L | ||
| 245 |
_aAntenna And Wave propagation _cR.L.Yadan |
||
| 260 |
_aNew Delhi _bPHI Learning Private Limited _c2011 |
||
| 300 | _axvi,732 p | ||
| 505 | _aIntroduction (Page 1-12), Electromagnetic Waves and Radiation (Page 13-55), Antenna Fundamentals and Parameters (Page 56-113), Antenna Array (Page 114-180), Linear Wire Antennas (Page 181-234), Loop Antennas (Page 235-274), Metal-Plate Lens Antennas (Page 275-302), parabolic Reflection Antennas (Page 303-326), Yagi Antenna (Page 327-353), Log-Periodic Antenna (Page 354-382), Horn and Cone Antennas (Page 383-419), Helical Antennas (Page 420-443), Microstrip Antenna (Page 444-476), Surface Wave Propagation (Page 477-511), Ionospheric Propagation (Page 548-586), Antenna Measurements (Page 587-638). | ||
| 538 | _aAlmirah No.39and Shelf No.6 | ||
| 650 | _aAntenna Wave Propagation | ||
| 942 |
_2ddc _cBK |
||
| 999 |
_c189253 _d189253 |
||